000 00797nam a2200265 a 4500
008
020 _a0713128429 (pbk.)
049 _aMAIN
090 _aQE28.2
100 1 _aBott, Martin Harold Phillips
245 1 4 _aThe interior of the earth :
_bits structure, constitution and evolution /
_cMartin H.P. Bott.
250 _a2nd ed.
260 _aLondon :
_bE. Arnold,
_c1982.
300 _aix, 403 p. :
_bill., maps ;
_c26 cm.
504 _aIncludes bibliographical references.
500 _aIncludes index.
651 0 _aEarth
_xCrust.
651 0 _aEarth
_xMantle.
651 0 _aEarth
_xInternal structure.
907 _a.b10049617
_b19-10-09
_c17-04-03
003
005 20230123133222.0
040 _cNUST
942 _cBOOKS
_kQE28.2
999 _c144794
_d144794